• 首页
  • 本馆介绍
  • 公告通知
  • 最新文献
  • 馆藏检索
  • 电子资源
  • 读者导购
  • 参考咨询
  • 我的图书馆
  • 登录
  • 详细信息显示
  • 放入我的书架
  • 预约/预借图书
  • 作者相关作品
  • 分类相关作品
  • 丛书相关作品
  • 出版社相关作品

书目信息

  • 表格格式
  • 工作单格式
  • 卡片格式
题名:
鸡饲料优化配方精选
    
 
作者: 曾立文
分册:  
出版信息:    1998.01
页数: 182页
开本: 19cm
丛书名:
单 册:
中图分类: S831.5
科图分类:
主题词: 家禽
电子资源:
ISBN: 7-80096-315-2
000 00510nam0 2200193 45
001 0308271025
005 20030827105607.6
010    @a7-80096-315-2@dRMB6.20
100    @a20030827d1998 km y0chiy0120 ea
101    @achi
105    @a z 000yy
200 1  @a鸡饲料优化配方精选@Aji si liao you hua pei fang jing xuan@f曾立文@Fceng li wen
210    @d1998.01
215    @a182页@c无图表@d19cm
606 0  @a家禽
690    @aS831.5@v3
701  0 @a曾立文
801    @aCN@b@c20030827
905    @aBZT@dS831.5@e87
    
    鸡饲料优化配方精选/曾立文.-1998.01
    182页:无图表;19cm
    
    
    ISBN 7-80096-315-2:RMB6.20
    
●
相关链接 在五车中查询图书 在当当中查询图书 在豆瓣中查询图书


正题名:鸡饲料优化配方精选     索取号:S831.5/87         预约/预借

序号 登录号 条形码 馆藏地/架位号 状态 备注
1 106104   200317969   中心书库中库/ 中库031架A面1列2层21/ [索取号:S831.5/87] 在馆    
2 106105   200317932   中心书库中库/ 中库031架A面1列2层20/ [索取号:S831.5/87] 在馆    
3 106106   200317950   中心书库中库/ 中库031架A面1列2层19/ [索取号:S831.5/87] 在馆    
4 106107   200321375   中心书库中库/ 中库031架A面1列2层71/ [索取号:S831.5/87] 在馆    
5 106108   200317941   中心书库中库/ 中库031架A面1列2层61/ [索取号:S831.5/87] 在馆    
山东省滨州职业学院图书馆 欢迎您!
大连网信软件有限公司© 版权所有